[Event "Hallstahammar op"]
[Site "Hallstahammar"]
[Date "2003.09.12"]
[Round "2"]
[White "Pettersson, Rolf"]
[Black "Ivebrink, Pontus"]
[Result "1-0"]
[WhiteElo "1791"]
[BlackElo "1432"]
[PlyCount "33"]
[EventDate "2003.09.12"]
[EventType "swiss"]
[EventRounds "7"]
[EventCountry "SWE"]
[SourceTitle "CBM 096 Extra"]
[Source "ChessBase"]
[SourceDate "2003.10.22"]
[SourceVersion "2"]
[SourceVersionDate "2003.10.20"]
[SourceQuality "1"]

1. d4 g6 2. Nf3 Bg7 3. c4 d6 4. Nc3 Nd7 5. e4 c5 6. d5 Ngf6 7. Bd3 0-0 8. 0-0 Ng4 9. Qc2 Nge5 10. Be2 Nxf3+ 11. gxf3 Ne5 12. Kh1 f5 13. f4 Nf7 14. Bd3 Nh6 15. e5 dxe5 16. fxe5 Bxe5 17. Bxh6 1-0

[Event "Hallstahammar op"]
[Site "Hallstahammar"]
[Date "2001.09.07"]
[Round "3"]
[White "Ivebrink, Pontus"]
[Black "Nilsson, Jerker Gustav"]
[Result "0-1"]
[WhiteElo "1200"]
[BlackElo "1587"]
[PlyCount "80"]
[EventDate "2001.??.??"]
[EventType "swiss"]
[EventRounds "7"]
[EventCountry "SWE"]
[SourceTitle "EXT 2006"]
[Source "ChessBase"]
[SourceDate "2005.11.24"]
[SourceVersion "1"]
[SourceVersionDate "2005.11.24"]
[SourceQuality "1"]

1. e4 d5 2. exd5 Qxd5 3. Nc3 Qa5 4. g3 Nf6 5. Bg2 c6 6. Nf3 Bg4 7. 0-0 Nbd7 8. h3 Bh5 9. d4 e6 10. Bf4 g5 11. Bxg5 Bxf3 12. Qxf3 Qxg5 13. Ne4 Nxe4 14. Qxe4 Bd6 15. Rfe1 h5 16. h4 Qg4 17. c4 Qxe4 18. Rxe4 Nf6 19. Re3 0-0-0 20. Rd1 Bc7 21. Rf3 Rh6 22. b4 e5 23. Rfd3 exd4 24. Rxd4 Rxd4 25. Rxd4 Be5 26. Rd3 Kc7 27. f4 Bd6 28. c5 Bf8 29. Bf3 Ng4 30. Rd4 Bg7 31. Re4 Re6 32. Kg2 Rxe4 33. Bxe4 Bc3 34. a3 a5 35. bxa5 Bxa5 36. Kf3 Nf6 37. Bf5 Bc3 38. g4 hxg4+ 39. Bxg4 Nxg4 40. Kxg4 Kd7 0-1